[Event "24. European Club Cup 2008 Femenino"]
[Site "Kallithea GRE"]
[Date "2008.10.20"]
[Round "4.2"]
[White "Sharevich, Anna"]
[Black "Kovalevskaya, Ekaterina"]
[Result "1-0"]
[WhiteElo "2322"]
[BlackElo "2439"]
[PlyCount "117"]
[EventDate "2008.10.17"]
[EventType "team-tourn"]
[EventRounds "7"]
[EventCountry "GRE"]
[Source "lmi"]
[SourceDate "2008.10.17"]
[WhiteTeam "Epam"]
[BlackTeam "Podgorica"]

1. d4 Nf6 2. c4 e6 3. g3 d5 4. Bg2 Bb4+ 5. Bd2 Be7 6. Nf3 O-O 7. O-O c6 8. Bf4
dxc4 9. Ne5 Nd5 10. Nxc4 Nxf4 11. gxf4 Qc7 12. e3 b6 13. Qb3 Bb7 14. Nc3 Nd7
15. Rfd1 Rad8 16. a4 c5 17. d5 exd5 18. Nxd5 Bxd5 19. Bxd5 Bf6 20. Nd6 Nb8 21.
Ne4 Be7 22. Rd2 Nc6 23. Rad1 Nb4 24. Bc4 Rxd2 25. Rxd2 Qc8 26. Qd1 a6 27. Rd7
Rd8 28. Bxf7+ Kf8 29. Rxd8+ Qxd8 30. Qxd8+ Bxd8 31. Bc4 Ke8 32. Kg2 Kd7 33. Nc3
Bf6 34. e4 Bd4 35. Kf3 Ke7 36. h3 Kf6 37. e5+ Ke7 38. Nd1 h6 39. b3 Kd7 40. Ke4
Na2 41. Bxa6 Nc3+ 42. Nxc3 Bxc3 43. f5 Be1 44. f3 Ke7 45. Kd5 Bg3 46. Kc6 Bxe5
47. Kxb6 Kd6 48. Bc4 Bf6 49. a5 Bd8+ 50. Kb5 Be7 51. Bd3 Kc7 52. Be4 h5 53. Kc4
h4 54. Kd5 Kb8 55. f6 gxf6 56. Ke6 Bd8 57. a6 Ka7 58. Bd3 Kb8 59. Kf5 1-0

[Event "24. European Club Cup 2008 Femenino"]
[Site "Kallithea GRE"]
[Date "2008.10.20"]
[Round "4.3"]
[White "Papadopoulou, Vera"]
[Black "Ciuksyte, Dagne"]
[Result "1/2-1/2"]
[WhiteElo "2196"]
[BlackElo "2339"]
[PlyCount "45"]
[EventDate "2008.10.17"]
[EventType "team-tourn"]
[EventRounds "7"]
[EventCountry "GRE"]
[Source "lmi"]
[SourceDate "2008.10.17"]
[WhiteTeam "Aspropirgos"]
[BlackTeam "Panevezys"]

1. Nf3 Nf6 2. c4 c5 3. g3 b6 4. Bg2 Bb7 5. O-O e6 6. b3 d6 7. Nc3 Nbd7 8. Bb2
a6 9. d4 cxd4 10. Nxd4 Bxg2 11. Kxg2 Qc7 12. e3 Be7 13. f4 O-O 14. Qf3 Rfe8 15.
g4 h6 16. h3 Bf8 17. Rad1 Rac8 18. Rd2 Qb8 19. Nc6 Qa8 20. Nd4 Qb8 21. Nc6 Qc7
22. Nd4 Qb8 23. Nc6 1/2-1/2

[Event "24. European Club Cup 2008 Femenino"]
[Site "Kallithea GRE"]
[Date "2008.10.20"]
[Round "4.3"]
[White "Daulyte, Deimante"]
[Black "Cherenkova, Kristina"]
[Result "0-1"]
[WhiteElo "2278"]
[BlackElo "2245"]
[PlyCount "98"]
[EventDate "2008.10.17"]
[EventType "team-tourn"]
[EventRounds "7"]
[EventCountry "GRE"]
[Source "lmi"]
[SourceDate "2008.10.17"]
[WhiteTeam "Panevezys"]
[BlackTeam "Aspropirgos"]

1. e4 e5 2. Nf3 Nc6 3. Bb5 Nf6 4. O-O Nxe4 5. d4 Nd6 6. Bxc6 dxc6 7. dxe5 Nf5
8. Qxd8+ Kxd8 9. Nc3 Bd7 10. Bg5+ Kc8 11. h3 h6 12. Bf4 b6 13. Rad1 Be6 14. Bh2
Kb7 15. Rd2 Bb4 16. a3 Bxc3 17. bxc3 Rad8 18. Rfd1 Rxd2 19. Rxd2 c5 20. Ne1 Ne7
21. f4 g6 22. Kf2 Kc6 23. Bg3 Nd5 24. Rd3 c4 25. Rf3 Bf5 26. Bh4 Be4 27. Rg3
Kb5 28. Bf6 Re8 29. Bg7 h5 30. Nf3 Ka4 31. Nd2 Bxc2 32. Nxc4 Nxf4 33. Rf3 g5
34. h4 Bg6 35. hxg5 Nd3+ 36. Ke2 b5 37. Nd2 Nc5 38. c4 c6 39. Bf6 Ne6 40. Kd1
Nd4 41. Rf4 c5 42. cxb5 Kxb5 43. Ne4 Rb8 44. Be7 Bxe4 45. Rxe4 Kc4 46. Kc1 Kd3
47. Bd6 Rb6 48. g6 Kxe4 49. g7 Kd3 0-1

[Event "24. European Club Cup 2008 Femenino"]
[Site "Kallithea GRE"]
[Date "2008.10.20"]
[Round "4.3"]
[White "Fakhretdinova, Margarita"]
[Black "Makka, Ioulia"]
[Result "1-0"]
[WhiteElo "2147"]
[BlackElo "2220"]
[PlyCount "139"]
[EventDate "2008.10.17"]
[EventType "team-tourn"]
[EventRounds "7"]
[EventCountry "GRE"]
[Source "lmi"]
[SourceDate "2008.10.17"]
[WhiteTeam "Aspropirgos"]
[BlackTeam "Panevezys"]

1. e4 e6 2. d4 d5 3. Nc3 Nf6 4. e5 Nfd7 5. f4 c5 6. Nf3 Nc6 7. Be3 Be7 8. Qd2
O-O 9. Bd3 f6 10. exf6 Bxf6 11. Qf2 cxd4 12. Bxd4 Nxd4 13. Nxd4 Qb6 14. Nce2
Qxb2 15. O-O Nc5 16. Qe3 Qb6 17. Rab1 Qd6 18. Nf3 a6 19. Ned4 Bd7 20. Ne5 b5
21. Rbe1 Rac8 22. Rf3 Nxd3 23. cxd3 Rc7 24. Nb3 Bc8 25. d4 Qa3 26. Rf2 Bh4 27.
g3 Be7 28. Qd3 Bb4 29. Rd1 Rc3 30. Qe2 Be7 31. Rf3 b4 32. Rxc3 bxc3 33. Rc1 a5
34. Rc2 Bb4 35. Qb5 Bd6 36. Qxa5 Qxa5 37. Nxa5 Ba6 38. Nac6 Bxe5 39. dxe5 Bc4
40. Rxc3 Bxa2 41. Nd4 Re8 42. Rc7 Bb1 43. Kf2 Bd3 44. Ke3 Bb1 45. Kd2 Bg6 46.
Kc3 Kf8 47. Kb4 Bf7 48. Rc6 Rb8+ 49. Kc5 Re8 50. f5 exf5 51. e6 Bh5 52. Kxd5
Bg4 53. Ke5 Ra8 54. Rc7 h5 55. Nc6 Re8 56. Rf7+ Kg8 57. Ne7+ Kh8 58. Nxf5 g6
59. Nd4 Kg8 60. Kf6 Kh8 61. e7 Kg8 62. Rg7+ Kh8 63. Rxg6 Kh7 64. Rxg4 hxg4 65.
Kf7 Ra8 66. e8=Q Rxe8 67. Kxe8 Kg6 68. Ke7 Kg7 69. Ke6 Kg6 70. Ke5 1-0

[Event "24. European Club Cup 2008 Femenino"]
[Site "Kallithea GRE"]
[Date "2008.10.20"]
[Round "4.3"]
[White "Limontaite, Simona"]
[Black "Iordanidou, Zoi"]
[Result "1-0"]
[WhiteElo "2197"]
[BlackElo "2110"]
[PlyCount "75"]
[EventDate "2008.10.17"]
[EventType "team-tourn"]
[EventRounds "7"]
[EventCountry "GRE"]
[Source "lmi"]
[SourceDate "2008.10.17"]
[WhiteTeam "Panevezys"]
[BlackTeam "Aspropirgos"]

1. d4 Nf6 2. c4 c5 3. d5 b5 4. cxb5 a6 5. bxa6 Bxa6 6. Nc3 d6 7. g3 g6 8. Bg2
Bg7 9. Nf3 Nbd7 10. Rb1 O-O 11. O-O Qa5 12. Bd2 Rfb8 13. a4 Qd8 14. b3 Ra7 15.
Re1 Rab7 16. Qc2 Ne8 17. Na2 Nb6 18. b4 Nc4 19. b5 Na3 20. Qd3 Nxb1 21. Rxb1
Qd7 22. Nc3 Nc7 23. Rd1 Nxb5 24. axb5 Bxb5 25. Nxb5 Rxb5 26. h4 Qb7 27. Kh2 Ra8
28. Ng5 Rb3 29. Qe4 Bf6 30. h5 Qb5 31. Qg4 Rb1 32. Rxb1 Qxb1 33. Be4 Qf1 34.
Be3 Bxg5 35. Qxg5 Ra1 36. Qxe7 gxh5 37. Qd8+ Kg7 38. Bh6+ 1-0

[Event "24. European Club Cup 2008 Femenino"]
[Site "Kallithea GRE"]
[Date "2008.10.20"]
[Round "4.4"]
[White "Pitam, Ella"]
[Black "Chelushkina, Irina"]
[Result "1/2-1/2"]
[WhiteElo "2295"]
[BlackElo "2360"]
[PlyCount "110"]
[EventDate "2008.10.17"]
[EventType "team-tourn"]
[EventRounds "7"]
[EventCountry "GRE"]
[Source "lmi"]
[SourceDate "2008.10.17"]
[WhiteTeam "Haifa"]
[BlackTeam "Rudovci"]

1. c4 e5 2. Nc3 d6 3. g3 g6 4. Bg2 Bg7 5. d3 Ne7 6. Rb1 a5 7. a3 c6 8. e4 O-O
9. Nge2 Be6 10. O-O b5 11. cxb5 cxb5 12. Nxb5 a4 13. Be3 Nbc6 14. Qd2 Qb8 15.
Nbc3 Nd4 16. Nd5 Nxe2+ 17. Qxe2 Bxd5 18. exd5 Qb5 19. Bg5 Nf5 20. Be3 Rac8 21.
Rfc1 Ne7 22. Rc4 Nxd5 23. Bxd5 Qxd5 24. Rxa4 Qa2 25. Re1 d5 26. Rb4 d4 27. Bc1
Rc7 28. Rb6 h6 29. Qf3 Rc2 30. Rc6 Rc8 31. Rxc8+ Rxc8 32. Qd1 f5 33. f3 Kh7 34.
Re2 Qb1 35. Re1 e4 36. fxe4 fxe4 37. dxe4 Rc2 38. a4 d3 39. a5 Bd4+ 40. Kh1 d2
41. Bxd2 Qxb2 42. Re2 Qa2 43. Kg2 Qc4 44. Qf1 Bc3 45. Qf2 Bxa5 46. Qa7+ Bc7 47.
Qe3 Kg8 48. Rf2 Be5 49. Qf3 Bg7 50. h4 h5 51. e5 Rb2 52. Bf4 Qb3 53. Qa8+ Kh7
54. Rxb2 Qxb2+ 55. Kf1 Qd4 1/2-1/2

[Event "24. European Club Cup 2008 Femenino"]
[Site "Kallithea GRE"]
[Date "2008.10.20"]
[Round "4.4"]
[White "Foisor, Cristina Adela"]
[Black "Igla, Bella"]
[Result "1-0"]
[WhiteElo "2365"]
[BlackElo "2254"]
[PlyCount "75"]
[EventDate "2008.10.17"]
[EventType "team-tourn"]
[EventRounds "7"]
[EventCountry "GRE"]
[Source "lmi"]
[SourceDate "2008.10.17"]
[WhiteTeam "Rudovci"]
[BlackTeam "Haifa"]

1. Nf3 Nf6 2. g3 g6 3. Bg2 Bg7 4. O-O d6 5. d4 O-O 6. c4 Nc6 7. Nc3 a6 8. Re1
Rb8 9. Rb1 Bd7 10. b4 b5 11. d5 Na7 12. Be3 c5 13. bxc5 Ng4 14. Bd4 dxc5 15.
Bxg7 Kxg7 16. h3 Nf6 17. e4 Qa5 18. Qd2 Rfd8 19. e5 Ne8 20. Ne4 Qxd2 21. Nfxd2
Bf5 22. g4 Bxe4 23. Nxe4 Rbc8 24. f4 Rd7 25. Nc3 bxc4 26. Na4 Rcc7 27. Nb6 Rd8
28. a4 c3 29. Rec1 f6 30. Rxc3 g5 31. d6 Nxd6 32. exd6 Rxd6 33. fxg5 fxg5 34.
Nd5 Rcd7 35. Ne3 e6 36. Rxc5 h6 37. Rb7 Kf6 38. Rcc7 1-0

[Event "24. European Club Cup 2008 Femenino"]
[Site "Kallithea GRE"]
[Date "2008.10.20"]
[Round "4.4"]
[White "Vovinkina, Natalia"]
[Black "Olarasu, Gabriela"]
[Result "1/2-1/2"]
[WhiteElo "2147"]
[BlackElo "2297"]
[PlyCount "108"]
[EventDate "2008.10.17"]
[EventType "team-tourn"]
[EventRounds "7"]
[EventCountry "GRE"]
[Source "lmi"]
[SourceDate "2008.10.17"]
[WhiteTeam "Haifa"]
[BlackTeam "Rudovci"]

1. d4 e6 2. e4 d5 3. e5 b6 4. f4 Ba6 5. Bxa6 Nxa6 6. c3 Nb8 7. Ne2 Qh4+ 8. Ng3
Nh6 9. O-O Ng4 10. h3 Qxg3 11. Qxg4 Qxg4 12. hxg4 c5 13. Be3 Nc6 14. Nd2 Be7
15. Kf2 cxd4 16. cxd4 Nb4 17. Ke2 Nc2 18. Rac1 Nxe3 19. Kxe3 Kd7 20. Rh1 h6 21.
Nf3 Rac8 22. Kd3 Rxc1 23. Rxc1 f5 24. gxf5 exf5 25. Nd2 g5 26. g3 gxf4 27. gxf4
h5 28. Rh1 h4 29. Nf1 Ke6 30. Ne3 Bd8 31. Ke2 b5 32. Rh3 Bb6 33. Kd3 Bd8 34.
Ke2 Rh7 35. Kf3 Bb6 36. Nc2 Rc7 37. Rh2 Rh7 38. Kg2 Rg7+ 39. Kf2 Rg4 40. Kf3
Rg3+ 41. Ke2 Bd8 42. Ne3 Rg1 43. a3 a5 44. Kf2 Rb1 45. Kf3 b4 46. axb4 axb4 47.
Rc2 b3 48. Rd2 Be7 49. Rg2 Bd8 50. Rh2 Rg1 51. Rd2 Rb1 52. Nd1 Rc1 53. Ne3 Rb1
54. Rd3 Ba5 1/2-1/2

[Event "24. European Club Cup 2008 Femenino"]
[Site "Kallithea GRE"]
[Date "2008.10.20"]
[Round "4.4"]
[White "Zivkovic, Vesna"]
[Black "Porat, Maya"]
[Result "0-1"]
[WhiteElo "2122"]
[BlackElo "2167"]
[PlyCount "72"]
[EventDate "2008.10.17"]
[EventType "team-tourn"]
[EventRounds "7"]
[EventCountry "GRE"]
[Source "lmi"]
[SourceDate "2008.10.17"]
[WhiteTeam "Rudovci"]
[BlackTeam "Haifa"]

1. d4 Nf6 2. Nf3 g6 3. g3 Bg7 4. Bg2 O-O 5. O-O d6 6. b3 c5 7. Bb2 Nc6 8. e3
Rb8 9. c4 a6 10. dxc5 dxc5 11. Qe2 Bf5 12. Rd1 Qc8 13. Nc3 Bg4 14. Nd5 e5 15.
Nxf6+ Bxf6 16. Rd2 e4 17. Bxf6 Qf5 18. Nh4 Qxf6 19. Qxg4 Qxa1+ 20. Rd1 Qxa2 21.
Bxe4 Qxb3 22. Bxg6 hxg6 23. Nxg6 Qxd1+ 24. Qxd1 fxg6 25. Qd5+ Kg7 26. Qxc5 Rbd8
27. Qb6 Rf7 28. h4 Rd2 29. f4 Rfd7 30. Qb3 R2d3 31. Qb2+ Kh7 32. Qf6 R3d6 33.
Qg5 a5 34. h5 a4 35. e4 a3 36. f5 a2 0-1

[Event "24. European Club Cup 2008 Femenino"]
[Site "Kallithea GRE"]
[Date "2008.10.20"]
[Round "4.5"]
[White "Korbut, Ekaterina"]
[Black "Ushenina, Anna"]
[Result "0-1"]
[WhiteElo "2459"]
[BlackElo "2496"]
[PlyCount "118"]
[EventDate "2008.10.17"]
[EventType "team-tourn"]
[EventRounds "7"]
[EventCountry "GRE"]
[Source "lmi"]
[SourceDate "2008.10.17"]
[WhiteTeam "Finek"]
[BlackTeam "Saratov"]

1. e4 c6 2. d4 d5 3. e5 c5 4. c4 Nc6 5. dxc5 e6 6. Nf3 Bxc5 7. Nc3 Nge7 8. a3
Bb6 9. Bg5 O-O 10. Qc2 h6 11. Bh4 dxc4 12. Bxc4 a6 13. Qe4 Qc7 14. Bd3 Ng6 15.
Bg3 Rd8 16. O-O Nd4 17. Rfd1 Nb3 18. Rab1 Nc5 19. Qe2 Nxd3 20. Rxd3 Rxd3 21.
Qxd3 Bd7 22. Rd1 Bc6 23. Qe2 Rd8 24. Rxd8+ Qxd8 25. h4 Ne7 26. Bf4 Nd5 27. Nxd5
Qxd5 28. Bd2 Bb5 29. Qe1 Qd3 30. Bb4 Bc6 31. Qd2 Qb1+ 32. Ne1 Qf5 33. Qe2 Qf4
34. h5 Qf5 35. Bc3 Be4 36. g4 Qf4 37. Ng2 Qf3 38. Qxf3 Bxf3 39. Nf4 Bxg4 40.
Kg2 Bf5 41. f3 g6 42. Kg3 Be3 43. a4 Kf8 44. Bb4+ Ke8 45. Bd6 Kd7 46. b4 Bc2
47. a5 Bf5 48. Ne2 Kc6 49. hxg6 fxg6 50. f4 Kb5 51. Nc3+ Kc4 52. Na4 Bd2 53.
Nc5 Bxb4 54. Nxb7 Be4 55. Nd8 Be1+ 56. Kh2 Bf5 57. Nf7 Bxa5 58. Nxh6 Bd2 59.
Kg3 a5 0-1

[Event "24. European Club Cup 2008 Femenino"]
[Site "Kallithea GRE"]
[Date "2008.10.20"]
[Round "4.5"]
[White "Harika, Dronavalli"]
[Black "Cmilyte, Viktorija"]
[Result "1/2-1/2"]
[WhiteElo "2462"]
[BlackElo "2512"]
[PlyCount "67"]
[EventDate "2008.10.17"]
[EventType "team-tourn"]
[EventRounds "7"]
[EventCountry "GRE"]
[Source "lmi"]
[SourceDate "2008.10.17"]
[WhiteTeam "Saratov"]
[BlackTeam "Finek"]

1. Nf3 Nf6 2. c4 g6 3. Nc3 d5 4. d4 Bg7 5. Bg5 Ne4 6. Bh4 Nxc3 7. bxc3 dxc4 8.
Qa4+ Qd7 9. Qxc4 b6 10. e3 Ba6 11. Qb3 Bxf1 12. Kxf1 Nc6 13. Ke2 O-O 14. Rhd1
Na5 15. Qb4 Rfe8 16. Kf1 c5 17. dxc5 Qc7 18. Bg3 e5 19. Rab1 Rab8 20. cxb6 axb6
21. Qd6 Qxd6 22. Rxd6 Nc4 23. Rc6 Rbc8 24. Rxc8 Rxc8 25. Ke1 f5 26. Rb5 e4 27.
Nd4 Kf7 28. a4 Ra8 29. Rb4 Rc8 30. Rb5 Ra8 31. Rb4 Rc8 32. Rb5 Bf8 33. Nb3 Ra8
34. Nd2 1/2-1/2

[Event "24. European Club Cup 2008 Femenino"]
[Site "Kallithea GRE"]
[Date "2008.10.20"]
[Round "4.5"]
[White "Kovanova, Baira"]
[Black "Turova, Irina"]
[Result "1-0"]
[WhiteElo "2379"]
[BlackElo "2381"]
[PlyCount "73"]
[EventDate "2008.10.17"]
[EventType "team-tourn"]
[EventRounds "7"]
[EventCountry "GRE"]
[Source "lmi"]
[SourceDate "2008.10.17"]
[WhiteTeam "Saratov"]
[BlackTeam "Finek"]

1. e4 e5 2. Nf3 Nc6 3. Bb5 a6 4. Ba4 Nf6 5. d3 b5 6. Bb3 Bc5 7. O-O d6 8. c3
Bb6 9. a4 Bb7 10. axb5 axb5 11. Rxa8 Bxa8 12. Na3 Na7 13. Nc2 Nc6 14. Be3 Bxe3
15. Nxe3 O-O 16. Nf5 Ne7 17. N3h4 g6 18. Nh6+ Kg7 19. Qd2 c5 20. f4 c4 21. fxe5
dxe5 22. Qg5 Nfg8 23. Nxg8 Kxg8 24. dxc4 Bxe4 25. cxb5 Qb6+ 26. Rf2 Nf5 27.
Nxf5 Bxf5 28. g4 h6 29. Qe7 Qe3 30. gxf5 Qe1+ 31. Kg2 Qe4+ 32. Rf3 g5 33. Qb4
Qe1 34. Qc4 e4 35. Rf2 g4 36. Qe2 Qb1 37. Rf1 1-0

[Event "24. European Club Cup 2008 Femenino"]
[Site "Kallithea GRE"]
[Date "2008.10.20"]
[Round "4.6"]
[White "Cosma, Elena Luminita"]
[Black "Danielian, Elina"]
[Result "0-1"]
[WhiteElo "2340"]
[BlackElo "2513"]
[PlyCount "84"]
[EventDate "2008.10.17"]
[EventType "team-tourn"]
[EventRounds "7"]
[EventCountry "GRE"]
[Source "lmi"]
[SourceDate "2008.10.17"]
[WhiteTeam "Iasi"]
[BlackTeam "Mika"]

1. d4 d5 2. c4 dxc4 3. Nf3 c6 4. e3 Be6 5. a4 Nf6 6. Na3 Bd5 7. Nxc4 e6 8. Bd3
c5 9. O-O Nc6 10. Nce5 Nxe5 11. Nxe5 Bd6 12. Bb5+ Ke7 13. Bd2 Rc8 14. Qe2 Ne4
15. Be1 cxd4 16. exd4 Qb6 17. Bd3 Nf6 18. Bc3 h6 19. a5 Qc7 20. f4 Rhe8 21.
Rae1 Kf8 22. Kh1 Kg8 23. Qe3 b6 24. a6 Ba8 25. Qd2 Nd5 26. Rc1 f6 27. Ng6 f5
28. Ne5 Bxe5 29. fxe5 Qe7 30. Kg1 Rc7 31. Bb1 Rec8 32. Ba2 Qd7 33. Bxd5 Qxd5
34. Ra1 Rc4 35. Rf2 b5 36. Ra5 Qc6 37. d5 Qb6 38. dxe6 b4 39. Qd7 bxc3 40. Qf7+
Kh8 41. e7 Rf4 42. Qf8+ Kh7 0-1

[Event "24. European Club Cup 2008 Femenino"]
[Site "Kallithea GRE"]
[Date "2008.10.20"]
[Round "4.6"]
[White "Mkrtchian, Lilit"]
[Black "Motoc, Alina"]
[Result "0-1"]
[WhiteElo "2443"]
[BlackElo "2313"]
[PlyCount "56"]
[EventDate "2008.10.17"]
[EventType "team-tourn"]
[EventRounds "7"]
[EventCountry "GRE"]
[Source "lmi"]
[SourceDate "2008.10.17"]
[WhiteTeam "Mika"]
[BlackTeam "Iasi"]

1. e4 c5 2. Nf3 d6 3. d4 cxd4 4. Nxd4 Nf6 5. Nc3 a6 6. Bg5 e6 7. f4 Nbd7 8. Qe2
Qc7 9. O-O-O b5 10. f5 e5 11. Nd5 Nxd5 12. exd5 Nb6 13. g3 Be7 14. Qh5 exd4 15.
Bxe7 Qxe7 16. Bxb5+ Kd8 17. Bc6 Rb8 18. Rxd4 Qe3+ 19. Rd2 Qe5 20. Rf1 Qf6 21.
Rf4 Bd7 22. c3 Re8 23. Qf3 Re1+ 24. Kc2 Nc4 25. Rxc4 Bxf5+ 26. Rd3 Bxd3+ 27.
Qxd3 Qf2+ 28. Qd2 Re2 0-1

[Event "24. European Club Cup 2008 Femenino"]
[Site "Kallithea GRE"]
[Date "2008.10.20"]
[Round "4.6"]
[White "Paulet, Iozefina"]
[Black "Khurtsidze, Nino"]
[Result "0-1"]
[WhiteElo "2307"]
[BlackElo "2417"]
[PlyCount "78"]
[EventDate "2008.10.17"]
[EventType "team-tourn"]
[EventRounds "7"]
[EventCountry "GRE"]
[Source "lmi"]
[SourceDate "2008.10.17"]
[WhiteTeam "Iasi"]
[BlackTeam "Mika"]

1. e4 c5 2. Nc3 e6 3. f4 d5 4. Bb5+ Bd7 5. exd5 Bxb5 6. Nxb5 a6 7. Nc3 exd5 8.
Nf3 Nf6 9. O-O Be7 10. Ne5 O-O 11. Qf3 Nc6 12. Nxc6 bxc6 13. d3 Ne8 14. f5 Nd6
15. Ne2 c4 16. Ng3 cxd3 17. cxd3 Ne8 18. Be3 c5 19. Rac1 Rc8 20. b3 Nf6 21. Nh5
Nxh5 22. Qxh5 h6 23. Rc2 Re8 24. Qg4 Kh7 25. Rfc1 Qa5 26. Bd2 Qb5 27. Bc3 Bf8
28. Qd1 Re3 29. Rd2 Rce8 30. Kf2 d4 31. Bb2 Qd7 32. Qg4 R8e5 33. Kg1 Rxf5 34.
Rf2 g6 35. Rd1 h5 36. Qh4 Be7 37. Rxf5 Bxh4 38. Rff1 Re2 39. Rf3 Qg4 0-1

[Event "24. European Club Cup 2008 Femenino"]
[Site "Kallithea GRE"]
[Date "2008.10.20"]
[Round "4.7"]
[White "Boric, Elena"]
[Black "Len, Irina"]
[Result "1-0"]
[WhiteElo "2292"]
[BlackElo "2091"]
[PlyCount "81"]
[EventDate "2008.10.17"]
[EventType "team-tourn"]
[EventRounds "7"]
[EventCountry "GRE"]
[Source "lmi"]
[SourceDate "2008.10.17"]
[WhiteTeam "Rudar"]
[BlackTeam "Herzliya"]

1. f4 f5 2. Nf3 Nf6 3. g3 b6 4. Bg2 Bb7 5. O-O e6 6. b3 Bc5+ 7. e3 O-O 8. Bb2
a5 9. Nc3 Na6 10. a3 Qe8 11. Na4 Be7 12. Qe2 Qh5 13. Rae1 Ne4 14. d3 Nf6 15.
Nc3 Nc5 16. Nb5 Rac8 17. Qd2 h6 18. Be5 Na6 19. c4 d6 20. Bc3 c5 21. Bb2 Rcd8
22. Nc3 Nb8 23. e4 fxe4 24. dxe4 Rfe8 25. Qc2 d5 26. exd5 exd5 27. Ne5 Bf8 28.
cxd5 b5 29. Bf3 Qh3 30. Qg6 c4 31. Qf7+ Kh7 32. Qxb7 Bc5+ 33. Kh1 b4 34. axb4
axb4 35. Ne4 Re7 36. Qb5 Rxe5 37. fxe5 Nxd5 38. Qxc5 c3 39. Bc1 Na6 40. Qa7
Nac7 41. Bg2 1-0

[Event "24. European Club Cup 2008 Femenino"]
[Site "Kallithea GRE"]
[Date "2008.10.20"]
[Round "4.7"]
[White "Lian, Marina"]
[Black "Vujic-Katanic, Branka"]
[Result "0-1"]
[WhiteElo "1869"]
[BlackElo "2107"]
[PlyCount "118"]
[EventDate "2008.10.17"]
[EventType "team-tourn"]
[EventRounds "7"]
[EventCountry "GRE"]
[Source "lmi"]
[SourceDate "2008.10.17"]
[WhiteTeam "Herzliya"]
[BlackTeam "Rudar"]

1. e4 e6 2. d4 c5 3. d5 Nf6 4. Bg5 Qa5+ 5. Qd2 Qxd2+ 6. Nxd2 Be7 7. Bxf6 Bxf6
8. O-O-O exd5 9. exd5 d6 10. Re1+ Kd8 11. Ne4 Be7 12. Nf3 h6 13. Nfd2 Bf5 14.
Bd3 Bxe4 15. Rxe4 Nd7 16. Rhe1 Ne5 17. Nc4 Bg5+ 18. f4 Nxc4 19. fxg5 Ne5 20.
gxh6 Rxh6 21. h3 Kd7 22. Kd2 Rah8 23. Rf1 Ke7 24. Ref4 Rh4 25. b3 g6 26. Rf6
Rd4 27. Ke3 Rh7 28. R6f4 Rxf4 29. Rxf4 Rh5 30. Be2 Rh8 31. Kf2 Rh7 32. Ke3 f5
33. Bf1 Nd7 34. g4 fxg4 35. hxg4 Ne5 36. Be2 Rh3+ 37. Kf2 Rh2+ 38. Ke3 Rh3+ 39.
Kf2 Rc3 40. Bd1 Rh3 41. Kg2 Rh7 42. Bf3 Rf7 43. Rxf7+ Nxf7 44. Be4 Kf6 45. Kg3
Nh6 46. Bd3 g5 47. Kf3 Ke5 48. Bc4 Kd4 49. a4 b6 50. Kg3 Ke4 51. c3 Ng8 52. Bb5
Nf6 53. c4 Kd3 54. a5 bxa5 55. Kf3 Ne4 56. Ba4 Nc3 57. Bd7 Kc2 58. Ba4 Nxa4 59.
bxa4 Kb3 0-1

[Event "24. European Club Cup 2008 Femenino"]
[Site "Kallithea GRE"]
[Date "2008.10.20"]
[Round "4.8"]
[White "Congiu, Mathilde"]
[Black "Petrenko, Svetlana"]
[Result "1-0"]
[WhiteElo "2230"]
[BlackElo "2285"]
[PlyCount "111"]
[EventDate "2008.10.17"]
[EventType "team-tourn"]
[EventRounds "7"]
[EventCountry "GRE"]
[Source "lmi"]
[SourceDate "2008.10.17"]
[WhiteTeam "Vandoeucre"]
[BlackTeam "Gross-Lehna"]

1. e4 e5 2. Nf3 d6 3. Bc4 Be7 4. d4 exd4 5. Nxd4 Nf6 6. Nc3 Nc6 7. O-O O-O 8.
Bb3 Na5 9. Nde2 a6 10. Qd3 b5 11. Bd2 c6 12. Rad1 Nxb3 13. axb3 b4 14. Na4 a5
15. Rfe1 Ba6 16. Qf3 Nd7 17. Bf4 Qc7 18. Qg3 Ne5 19. Nd4 Bc8 20. Nf5 Bxf5 21.
exf5 f6 22. h4 Rf7 23. h5 Kh8 24. c3 c5 25. Rd5 Qc6 26. c4 Rb8 27. Qe3 Qc8 28.
Qe4 Bf8 29. Re3 Qb7 30. Bg3 h6 31. Qh4 Rc8 32. Qe4 Re7 33. Qc2 Rce8 34. Qd1 Qc8
35. Rxd6 Qxf5 36. Rd5 Qg4 37. Qxg4 Nxg4 38. Rxe7 Bxe7 39. Kf1 Rc8 40. Ke2 Rc6
41. Kf3 Ne5+ 42. Bxe5 fxe5 43. Ke4 Kg8 44. Rd7 Kf8 45. Kxe5 Ke8 46. Ra7 Rd6 47.
Nxc5 Rd2 48. Ne4 Re2 49. Kd5 Kf7 50. c5 Rxb2 51. c6 Rc2 52. c7 Ke8 53. Nd6+
Bxd6 54. Kxd6 Rd2+ 55. Kc6 Rc2+ 56. Kb7 1-0

[Event "24. European Club Cup 2008 Femenino"]
[Site "Kallithea GRE"]
[Date "2008.10.20"]
[Round "4.8"]
[White "Karlovich, Anastazia"]
[Black "Steil-Antoni, Fiona"]
[Result "0-1"]
[WhiteElo "2256"]
[BlackElo "2166"]
[PlyCount "88"]
[EventDate "2008.10.17"]
[EventType "team-tourn"]
[EventRounds "7"]
[EventCountry "GRE"]
[Source "lmi"]
[SourceDate "2008.10.17"]
[WhiteTeam "Gross-Lehna"]
[BlackTeam "Vandoeucre"]

1. e4 e5 2. Nf3 Nc6 3. Bc4 Bc5 4. c3 Nf6 5. d4 exd4 6. cxd4 Bb4+ 7. Bd2 Bxd2+
8. Nbxd2 d5 9. exd5 Nxd5 10. O-O O-O 11. Re1 Nb6 12. Qc2 Nxd4 13. Nxd4 Qxd4 14.
Bd3 h6 15. Nf3 Qd6 16. Rad1 Nd5 17. Bh7+ Kh8 18. Be4 c6 19. Qb3 Be6 20. Bb1 Qc7
21. Ne5 Rfe8 22. Qg3 Qe7 23. f4 Nf6 24. Kh1 Qb4 25. Nd3 Qb6 26. b3 Rad8 27. Ne5
Rxd1 28. Rxd1 Rd8 29. Re1 Qd4 30. Nf3 Qc3 31. Qf2 b6 32. Qe2 Qb4 33. Qe5 Bd5
34. Nh4 Be4 35. Rf1 Bxb1 36. Rxb1 Re8 37. Qa1 Qxf4 38. Nf3 Ng4 39. Qc3 c5 40.
Rf1 Re2 41. a3 Rf2 42. Re1 Rxf3 43. Re8+ Kh7 44. Qc2+ Qf5 0-1

[Event "24. European Club Cup 2008 Femenino"]
[Site "Kallithea GRE"]
[Date "2008.10.20"]
[Round "4.8"]
[White "Klipper, Rebecca"]
[Black "Voicu, Carmen"]
[Result "0-1"]
[WhiteElo "2023"]
[BlackElo "2239"]
[PlyCount "80"]
[EventDate "2008.10.17"]
[EventType "team-tourn"]
[EventRounds "7"]
[EventCountry "GRE"]
[Source "lmi"]
[SourceDate "2008.10.17"]
[WhiteTeam "Vandoeucre"]
[BlackTeam "Gross-Lehna"]

1. d4 Nf6 2. Nf3 c5 3. e3 b6 4. b3 g6 5. Bb2 Bg7 6. Nbd2 Bb7 7. Bd3 Nc6 8. O-O
O-O 9. a3 d6 10. c4 Nd7 11. Qc2 cxd4 12. exd4 e5 13. d5 Ne7 14. Ne1 f5 15. f4
Rc8 16. Qd1 Bh6 17. Qe2 e4 18. Bb1 Nf6 19. Nc2 Rc7 20. Nd4 Bc8 21. a4 Bd7 22.
h3 Nc8 23. g4 fxg4 24. Nxe4 Nxe4 25. Qxe4 Qh4 26. Ne6 Qg3+ 27. Qg2 Qe3+ 28. Qf2
Qxf2+ 29. Rxf2 Bxe6 30. dxe6 Bxf4 31. Kg2 gxh3+ 32. Kxh3 Rc5 33. Be4 Rh5+ 34.
Kg4 Rg5+ 35. Kh4 h6 36. Rf3 Rg2 37. Bxg6 Rxg6 38. Raf1 Bg5+ 39. Kh5 Rxf3 40.
Rxf3 Rxe6 0-1